000 01007nac a22003137a 4500
001 BR7323014
003 BR-BrBNA
005 20240105113706.0
008 230509b bl.|||m| |||| 00| 0 por d
040 _aBR-BrBNA
_bpor
_cBiblioteca Nacional de Agricultura
072 _aF04; F01
090 _a1720 BR7323014
100 1 _aAraujo, J.G.F. de (comp.)
100 1 _aNovais, R.F.
100 1 _aMenezes Sobrinho, J.A. de
110 1 _aUniversidade Federal de Vicosa, MG (Brasil)
245 1 _aAlho 1. efeito da aplicacao de boro, molibdenio e zinco no solo sobre a producao e conservacao do alho
260 3 _aVicosa, MG (Brasil):
_c1973.
300 _a4 p.
490 _aSerie Extensao Rural - Universidade Federal de Vicosa (Brazil)
_vno. 22
_x
500 _aReprint of Revista Ceres 19(101): 1-6, 1972
650 _aALHO
650 _aBORO
650 _aMOLIBDENIO
650 _aZINCO
650 _aADUBACAO
909 _a202312
_bLúcia Elande
_c55
_dLúcia Elande
942 _2AGRIS
_n0
_cMS
999 _c265015
_d265015